Diamantový věk, aneb, Obrázková čítanka pro urozené slečny /

Hlavní autor: Stephenson, Neal, 1959-
Další autoři: Podaný, Richard, 1895-
Jazyk: Čeština
Vydáno: Praha : Talpress, 2001
Vydání: 1. vyd.
Témata:
Fyzický popis: 612 s. ; 18 cm
Knihy
Uloženo v:
LEADER 01144nam a2200325 a 4500
001 000569029
003 CZ BrMZK
005 20080418110142.0
007 ta
008 010907s2001 xr g f cze d
015 |a cnb001023831 
020 |a 80-7197-188-X 
035 |a (OCoLC)50344195 
040 |a BOA001  |b cze 
041 1 |a cze  |h eng 
072 7 |a 821.111(73)-3  |x Americká próza  |2 Konspekt  |9 25 
080 |a 821.111(73)-31  |2 MRF 
080 |a (0:82-311.9)  |2 MRF 
100 1 |a Stephenson, Neal,  |d 1959-  |7 ola2003174961  |4 aut 
245 1 0 |a Diamantový věk, aneb, Obrázková čítanka pro urozené slečny /  |c Neal Stephenson ; [z amerického originálu přeložil Richard Podaný] 
250 |a 1. vyd. 
260 |a Praha :  |b Talpress,  |c 2001 
300 |a 612 s. ;  |c 18 cm 
655 7 |a americké romány  |7 fd131796  |2 czenas 
655 7 |a vědecko-fantastické romány  |7 fd133847  |2 czenas 
700 1 |a Podaný, Richard,  |d 1895-  |7 jk01100173  |4 trl 
765 0 |t <<The >>diamond age  |9 Česky 
910 |a BOA001  |b 1-1089.234 
990 |a BK 
996 6 |b 2610141170  |c 1-1089.234  |l MZK  |r Sklad / do 1 hodiny  |n 9  |p p.v.  |w 000569029  |u 000010  |a 1  |e BOA001  |j MZK50  |s P